| 000 | 00911nas a2200265 4500 | ||
|---|---|---|---|
| 001 | BR0808048 | ||
| 003 | BR-BrBNA | ||
| 005 | 20231205112803.0 | ||
| 007 | ta | ||
| 008 | 230509b bl.|||p| |||| 00| 00por d | ||
| 040 |
_aBR-BrBNA _bpor _cBiblioteca Nacional de Agricultura |
||
| 041 | _a(En) | ||
| 072 | _aL73; L70 | ||
| 100 | 1 | _aSzabo, M.P.J. | |
| 100 | 1 | _aBechara, G.H. | |
| 245 | 1 | _aAn insight into the histopathology caused by the tick Rhipicephalus sanguineus (Acari: Ixodidae)in the skin of previously infested, vaccinated or tick-bite naive dogs, guinea pigs and hamsters | |
| 650 | _aCÃO | ||
| 650 | _aHAMSTER | ||
| 650 | _aCOBAIA | ||
| 650 | _aDOENÇA ANIMAL | ||
| 650 | _aPELE | ||
| 773 | 0 |
_tBrazilian Journal of Veterinary Research and Animal Science (Brazil) _xISSN 1413-9596 _g(1995), v. 32(1) p. 37-42 _wBR0808048 |
|
| 909 |
_a202311 _bLúcia _c55 _dLúcia Elande |
||
| 942 |
_2AGRIS _n0 _cANA |
||
| 999 |
_c199985 _d199985 |
||